00890cam a22002651 4500001001300000003000400013005001700017008004100034010001700075035002000092040001800112042001200130050002200142130004000164245006000204260001000264300002700274490004800301500002800349500003500377500004300412730006400455700004200519830006300561sa 68020150 DLC20260227112722.0900301s1967 ii 000 0 sano  asa 68020150  a(OCoLC)21142083 aDLCcWaUdDLC apremarc00aPK3121b.A8 1967b0 aBrahmanas.pĀrṣeyabrāhmaṇa.10aJaiminīyārṣeya-Jaiminīyopaniṣad-Brāhmaṇe. c1967. a41, 71, 239 p.c25 cm.1 aKendriya Sanskrit Vidyapeetha series ;v5-6 aAdded t. p. in English. aEach section has separate t.p. aIn Sanskrit; introd. notes in English.0 aBrahmanas.pJaiminīyabrāhmana.pUpaniṣadbrāhmaṇa.0 aSharma, Bellikoth Ramachandra,d1912- 0aKendrīyasamskr̥tavidyāpīṭhagranthamālā ;v5-6